Information design and strategic communication (Record no. 518033)

000 -LEADER
fixed length control field 00997nam a22001577a 4500
008 - FIXED-LENGTH DATA ELEMENTS--GENERAL INFORMATION
fixed length control field 210810b ||||| |||| 00| 0 eng d
100 ## - MAIN ENTRY--PERSONAL NAME
Personal name Krähmer, Daniel
245 ## - TITLE STATEMENT
Title Information design and strategic communication
260 ## - PUBLICATION, DISTRIBUTION, ETC. (IMPRINT)
Place of publication, distribution, etc The American Economic Review: Insights
300 ## - PHYSICAL DESCRIPTION
Extent 3(1), Mar, 2021: p.51-66
520 ## - SUMMARY, ETC.
Summary, etc I study sender-receiver games where the receiver can disclose information to the sender by designing an information structure. I show that by secretly randomizing over information structures, the receiver can virtually attain her complete information payoff even for large conflicts of interest. The key insight is that private knowledge of the information structure induces truthful communication because it allows the receiver to cross-check the consistency of the sender's report. – Reproduced
650 ## - SUBJECT ADDED ENTRY--TOPICAL TERM
Topical term or geographic name as entry element Information structure, Communication
9 (RLIN) 28426
773 ## - HOST ITEM ENTRY
Main entry heading The American Economic Review: Insights
906 ## - LOCAL DATA ELEMENT F, LDF (RLIN)
Subject DIP INFORMATION DESIGN
942 ## - ADDED ENTRY ELEMENTS (KOHA)
Item type Articles
Holdings
Withdrawn status Lost status Source of classification or shelving scheme Damaged status Not for loan Permanent location Current location Date acquired Serial Enumeration / chronology Barcode Date last seen Koha item type
          Indian Institute of Public Administration Indian Institute of Public Administration 2021-08-10 3(1), Mar, 2021: p.51-66 AR125239 2021-08-10 Articles

Powered by Koha